000 00283nam a22001337a 4500
008 170407b xxu||||| |||| 00| 0 eng d
020 _a0806717432
041 _aeng
080 _23RD
_a611.018
100 _a9
101 _aSHM
245 _aHISTOLOGY
_cHAMMERSEN
942 _2udc
_cBK
999 _c10081
_d10081